01462naa a2200229 i 4500001000400000003000400004005001700008008003900025040000800064041000800072044000800080100011900088245012700207260001000334500010700344520030500451655003000756700011700786700012600903711011601029773008701145BPPBPK20180427090751.0151102s2001 pl f |100 0 eng cBPK aeng aPOL aMAJCHRZAK, Piotr.d1998 - .bPolitechnika Koszalińska - Wydział Elektroniki,cKatedra Inżynierii Komputerowej aThe fast, asynchronous measurement of signals amplitude and phase /cPiotr Majchrzak, Zbigniew Suszyński, Robert Arsoba. c2001. aDane z Informatora o publikowanych wynikach prac naukowo-badawczych w 2001 roku Wydziału Elektroniki. aThis article describes "not full period" asynchronous method of the measuring amplitude and phase of the periodical photothermal signal of low frequency. This method can be used for the registration of the photothermal and infrared images. The method allows short-age of time od picture registration. 0aMateriały konferencyjne. aARSOBA, Robert.d1996 - .bPolitechnika Koszalińska - Wydział Elektroniki,cKatedra Inżynierii Komputerowej aSUSZYŃSKI, Zbigniew.d1996 - .bPolitechnika Koszalińska - Wydział Elektroniki,cKatedra Elektroniki Ciała Stałego aInternational Conference on Signals and Electronic Systems ICSES'2001d(2001 ;cŁódź, Polska).pICSES'2002 iW :tInternational Conference on Signals and Electronic Systems. -g2001, s. 91-96